| 000 | 00904cam a2200217Ia 4500 | ||
|---|---|---|---|
| 020 | _a0812968379 | ||
| 020 | _a9780812968378 | ||
| 040 | _cORK | ||
| 082 | 0 | 4 | _a979 RAN 2004 A116 Or. |
| 100 | 1 | _aDumas, Firoozeh. | |
| 245 | 1 | 0 |
_aFunny in Farsi : _ba memoir of growing up Iranian in America / |
| 260 |
_aNew York : _bRandom House Trade Paperbacks, _c2004. |
||
| 300 |
_aviii, 227 p. : _bill. ; _c21 cm. |
||
| 500 | _a"With a new final chapter"--Cover. | ||
| 500 | _aThis work was originally published in hardcover in slightly different form by Villard Books in 2003. | ||
| 520 | _aAn autobiography of growing up as an Iranian-American describes the author's family's 1971 move from Iran to Southern California, the members of her diverse family, and their struggle with culture shock. | ||
| 650 | 0 | _aIranian American women | |
| 650 | 0 | _aIranian Americans | |
| 650 | 0 | _aImmigrants | |
| 942 | _cAEDBB | ||
| 999 |
_c17522 _d17522 |
||